| LEADER |
01027nam0a2200229 450 |
| 001 |
16836829 |
| 010 |
|
|
|a 978-2-35181-240-2
|b rel
|d 13
|
| 100 |
|
|
|a 20150616d2026 u u0frey01 ba
|
| 102 |
|
|
|a FR
|
| 200 |
0 |
|
|a tour du monde des petits déjeuners (Le)
|f Ana Paula Senn
|g [illustrations par] Camille Loiselet
|
| 207 |
|
1 |
|a
|
| 210 |
|
|
|a Paris
|c Rue des enfants
|d DL 2014
|
| 215 |
|
|
|a 1 vol. (31 p.)
|c ill. en coul., couv. ill. en coul.
|d 23 cm
|
| 225 |
1 |
|
|a Le tour du monde
|
| 327 |
|
|
|a La couverture porte en plus : pour un voyage gastronomique à travers les petits déjeuners...d'ici et ailleurs !
|
| 330 |
|
|
|a Un panorama du petit déjeuner tel qu'il est consommé dans divers endroits du globe. L'ouvrage évoque aussi l'histoire de ce repas et sa place dans les différentes civilisations.
|
| 461 |
|
0 |
|t Le tour du monde
|
| 676 |
|
|
|a 641
|
| 700 |
|
0 |
|a Senn
|b Ana Paula
|4 70
|
| 900 |
|
|
|a Documentaire
|
| 901 |
|
|
|a Jeunesse
|
| 995 |
|
|
|a Médiathèque
|c Médiathèque
|f 089014006
|h 089014006
|k E 641 SEN
|o p
|q j
|r az
|e Médiathèque
|